|
|
|
|
| LEADER |
01391nam a2200349 a 4500 |
| 001 |
30086 |
| 003 |
BD-DhAAL |
| 005 |
20151111114254.0 |
| 008 |
120329r20142012ii b 001 0 eng |
| 010 |
|
|
|a 2012323236
|
| 020 |
|
|
|a 9780198074151
|
| 020 |
|
|
|a 0198074158
|
| 025 |
|
|
|a I-E-2012-323236; 71-01; 64-01; 63-01
|
| 037 |
|
|
|b Library of Congress -- New Delhi Overseas Office
|
| 040 |
|
|
|a DLC
|c DLC
|d DLC
|d BD-DhAAL
|
| 042 |
|
|
|a lcode
|a pcc
|
| 050 |
0 |
0 |
|a K3240
|b .G563 2012
|
| 082 |
0 |
4 |
|2 23
|a 323
|
| 245 |
0 |
0 |
|a Globalization, international law, and human rights /
|c edited by Jeffrey F. Addicott, Md. Jahid Hossain Bhuiyan, Tareq M.R. Chowdhury.
|
| 260 |
|
|
|a New Delhi :
|b Oxford University Press,
|c 2012 [2nd impression 2014]
|
| 300 |
|
|
|a xxi, 234 p. ;
|c 23 cm.
|
| 504 |
|
|
|a Includes bibliographical references and index.
|
| 541 |
|
|
|e 30086
|
| 650 |
|
0 |
|a Human rights.
|9 16101
|
| 650 |
|
0 |
|a Human rights and globalization.
|9 16102
|
| 700 |
1 |
|
|a Addicott, Jeffrey F.
|9 16103
|
| 700 |
1 |
|
|a Bhuiyan, Jahid Hossain.
|9 16104
|
| 700 |
1 |
|
|a Chowdhury, Tareq M. R.
|9 16105
|
| 856 |
4 |
1 |
|3 Table of contents only
|u http://www.loc.gov/catdir/toc/fy13pdf01/2012323236.html
|
| 942 |
|
|
|2 ddc
|c BK
|
| 999 |
|
|
|c 36109
|d 36109
|
| 952 |
|
|
|0 0
|1 0
|2 ddc
|4 0
|6 323_000000000000000_GLO
|7 0
|9 56736
|a BRACUL
|b BRACUL
|c GEN
|d 2015-11-11
|e Karim International
|g 1450.00
|l 0
|o 323 GLO
|p 3010030086
|r 2015-11-11
|t 1
|w 2015-11-11
|y BK
|